| 000 | 00000nam##2200000za#4500 |
| 001 | 9.568329 |
| 003 | CaOODSP |
| 005 | 20210624181222 |
| 007 | cr ||||||||||| |
| 008 | 150406|2001||||xxc|||||o f|0| 0 eng|d |
| 040 | |aCaOODSP|beng |
| 043 | |an-cn--- |
| 086 | 1 |aBT31-2/2002-III-30E-PDF |
| 110 | 1 |aCanada. |bTreasury Board. |
| 245 | 10|aCanadian Institutes of Health Research, 2001-2002 estimates, part III, report on plans and priorities |h[electronic resource] |
| 246 | 3 |aCanadian Institutes of Health Research, report on plans and priorities for the fiscal year 2001-2002 |
| 260 | |aOttawa - Ontario : |bTreasury Board of Canada Secretariat |cc2001. |
| 300 | |a24p.|btables |
| 490 | 1 |a2001-2002 estimates. Part III, Report on plans and priorities |v2001-2002 |
| 500 | |aThe catalogue number (BT31-2/2002-III-30) and ISBN (0-660-61468-5) for the bilingual print edition have been incorrectly copied in this electronic publication. |
| 590 | |a10-14-Supp|b2010-12-03 |
| 775 | 08|tInstituts de recherche en santé du Canada, budget des dépenses 2001-2002, partie III, rapport sur les plans et les priorités |w(CaOODSP)9.599620 |
| 776 | 0#|tCanadian Institutes of Health Research |w(CaOODSP)9.534368 |
| 776 | 0#|tInstituts de recherche en santé du Canada |w(CaOODSP)9.534369 |
| 830 | #0|a2001-2002 estimates. Part III, Report on plans and priorities ;|v2001-2002|w(CaOODSP)9.506174 |
| 856 | 40|ahttp://publications.gc.ca|qPDF|s254 KB|uhttps://publications.gc.ca/collections/Collection/BT31-2-2002-III-30E.pdf|y2001-2002 |